000 00325nam a22001457a 4500
008 250709b ||||| |||| 00| 0 eng d
020 _a9789951077743
041 _aSHQIP
080 _22016
_a001
082 _2001
100 _a1
101 _aGJUH DHE LETERSI
245 _aROBINSON KRUSO
_cDANIEL DEFO
942 _2udc
_cBK
999 _c60719
_d60719